Toccatas pour orgue (Lp 6504 017) (Record n. 99804)

Dettagli MARC
000 -LEADER
fixed length control field 01875njm a2200373Ia 4500
001 - CONTROL NUMBER
control field 23978
003 - CONTROL NUMBER IDENTIFIER
control field IT-RoPAU
005 - DATE AND TIME OF LATEST TRANSACTION
control field 20220918181121.0
008 - FIXED-LENGTH DATA ELEMENTS--GENERAL INFORMATION
fixed length control field 131025s9999 xx 000 0 und d
040 ## - CATALOGING SOURCE
Original cataloging agency IT-RoPAU
040 ## - CATALOGING SOURCE
Transcribing agency IT-RoPAU
999 ## - SYSTEM CONTROL NUMBERS (KOHA)
Koha Dewey Subclass [OBSOLETE] n.d.
100 ## - MAIN ENTRY--PERSONAL NAME
Personal name AA.VV.
9 (RLIN) 794
100 ## - MAIN ENTRY--PERSONAL NAME
Relator term Autore musica
9 (RLIN) 8008
100 ## - MAIN ENTRY--PERSONAL NAME
Miscellaneous information Codice autore musica SPICS: 12000
9 (RLIN) 796
245 ## - TITLE STATEMENT
Title Toccatas pour orgue (Lp 6504 017)
250 ## - EDITION STATEMENT
Edition statement 1a ed.
260 ## - PUBLICATION, DISTRIBUTION, ETC. (IMPRINT)
Place of publication, distribution, etc. FRANCE
260 ## - PUBLICATION, DISTRIBUTION, ETC. (IMPRINT)
Name of publisher, distributor, etc. PHILIPS
300 ## - PHYSICAL DESCRIPTION
Extent DISCO
300 ## - PHYSICAL DESCRIPTION
Dimensions 40 minuti (Testo: pag.)
500 ## - GENERAL NOTE
General note Musica classica. Musica per organo de la Matthias-Kirche de Berlin
505 ## - FORMATTED CONTENTS NOTE
Formatted contents note Toccata en fa majeur, Bwv 540 (11:00) - Toccata pour l'elevation (5:00) - Toccata en fa majeur (5:00) - Toccata en sol mineur (4:00) - Toccata de la 5 symphonie pour orgue en fa majeur op. 42 (5:00) - Toccata (9:00) - Toccata op. 11 (5:00)
650 ## - SUBJECT ADDED ENTRY--TOPICAL TERM
Topical term or geographic name as entry element CLASSICA [DISCHI]
Relator term Codice MATERIA SPICS: 9950
9 (RLIN) 1157
700 ## - ADDED ENTRY--PERSONAL NAME
Personal name Guillou Jean
Miscellaneous information Codice interprete SPICS: 14348
9 (RLIN) 8009
Relator term Interprete
700 ## - ADDED ENTRY--PERSONAL NAME
Personal name Bach Johann Sebastian
Miscellaneous information Codice autore musica SPICS: 9695
Relator term Autore musica
Name of part/section of a work Toccata en fa majeur, Bwv 540
9 (RLIN) 8010
700 ## - ADDED ENTRY--PERSONAL NAME
Personal name Frescobaldi Girolamo
Miscellaneous information Codice autore musica SPICS: 12254
Relator term Autore musica
Name of part/section of a work Toccata pour l'elevation
9 (RLIN) 8011
700 ## - ADDED ENTRY--PERSONAL NAME
Personal name Buxtehude Dietrich
Miscellaneous information Codice autore musica SPICS: 14345
Relator term Autore musica
Name of part/section of a work Toccata en fa majeur
9 (RLIN) 8012
700 ## - ADDED ENTRY--PERSONAL NAME
Personal name Seixas Carlos
Miscellaneous information Codice autore musica SPICS: 14346
Relator term Autore musica
Name of part/section of a work Toccata en sol mineur
9 (RLIN) 8013
700 ## - ADDED ENTRY--PERSONAL NAME
Personal name Widor Charles-Marie
Miscellaneous information Codice autore musica SPICS: 14347
Relator term Autore musica
Name of part/section of a work Toccata de la 5 symphonie pour orgue en fa majeur op. 42
9 (RLIN) 8014
700 ## - ADDED ENTRY--PERSONAL NAME
Personal name Guillou Jean
Miscellaneous information Codice autore musica SPICS: 14348
Relator term Autore musica
Name of part/section of a work Toccata
9 (RLIN) 8015
700 ## - ADDED ENTRY--PERSONAL NAME
Personal name Prokofiev Sergiej
Miscellaneous information Codice autore musica SPICS: 11086
Relator term Autore musica
Name of part/section of a work Toccata op . 11
9 (RLIN) 8016
942 ## - ADDED ENTRY ELEMENTS (KOHA)
Koha item type DISCHI
Source of classification or shelving scheme Dewey Decimal Classification
Dati di copia
Withdrawn status Lost status Damaged status Not for loan Home library Current library Date acquired Total Checkouts Full call number Date last seen Price effective from Koha item type Public note
    Buone Condizioni Not For Loan SPICS-MEDIATECA SPICS-MEDIATECA 25/10/2013   23978 25/10/2013 25/10/2013 DISCHI Progr. Ins.: 4825 / N.Vol.: 1 / Copie: 1 - Copia rara: n.d. / date import: 01.01.2014 - By Epidotti, Trombetti, Vaglietti
CREDITS: SOCIETA' SAN PAOLO Via A.Severo, 58 - ROMA (RM) & PERIODICI SAN PAOLO SRL Via Giotto, 36 MILANO & CISF Via Giotto, 36 MILANO & EDIZIONI SAN PAOLO SRL,  Piazza Soncino, 5 CINISELLO BALSAMO (MI) -- ITALY